| 000 | 01051cam a22002897a 4500 | ||
|---|---|---|---|
| 001 | 14207979 | ||
| 005 | 20200421093816.0 | ||
| 008 | 051222s2005 caua b 001 0 eng d | ||
| 010 | _a 2005284585 | ||
| 020 | _a0596001738 (pbk.) | ||
| 035 | _a(OCoLC)ocm61231154 | ||
| 040 |
_aVYR _cVYR _dBAKER _dIXA _dDGU _dDLC |
||
| 042 | _alccopycat | ||
| 050 | 0 | 0 |
_aQA76.73.P22 _bC384 2005 |
| 082 | 0 | 0 |
_a005.13/3 _222 |
| 100 | 1 |
_aConway, Damian _d1964- _94 |
|
| 245 | 1 | 0 |
_aPerl best practices / _cDamian Conway. |
| 250 | _a1st ed. | ||
| 260 |
_aSebastopol, CA : _bO'Reilly, _cc2005. |
||
| 300 |
_axxii, 517 : _bill. ; _c24 cm. |
||
| 504 | _aIncludes bibliographical references (p. 493-494) and index. | ||
| 650 | 0 |
_aPerl (Computer program language) _919 |
|
| 856 | 4 | 2 |
_3Publisher description _uhttp://www.loc.gov/catdir/enhancements/fy0715/2005284585-d.html |
| 906 |
_a7 _bcbc _ccopycat _d2 _encip _f20 _gy-gencatlg |
||
| 942 |
_2ddc _cBK |
||
| 999 |
_c5 _d5 |
||